000 00362nam a22001457a 4500
003 macl
005 20180501161811.0
008 180501b xxu||||| |||| 00| 0 eng d
040 _cmacl
100 _aMathur, S K
_972556
245 _aIndian Women Changes & Challenges
260 _aAllahabad
_bPoint
_c2014
650 _aWomen Power
_917608
942 _2ddc
_cBK
999 _c58096
_d58096